[Event "17th Delhi GM Open 2019"]
[Site "Delhi"]
[Date "2019.01.10"]
[Round "3"]
[White "Predke, Alexandr"]
[Black "Thipsay, Praveen M"]
[Result "1-0"]
[WhiteElo "2620"]
[BlackElo "2405"]
[Annotator "TA"]
[PlyCount "115"]
[EventDate "2019.01.09"]
[EventType "swiss"]
[EventCountry "IND"]
[SourceTitle "playchess.com"]
[Source "ChessBase"]
[SourceQuality "1"]

{[%evp 29,115,6,10,15,16,20,21,10,10,18,16,21,20,9,22,0,0,0,19,-4,0,2,28,0,-3,-33,0,0,0,0,0,-23,-16,-23,-20,-18,0,0,0,0,0,0,99,0,55,58,57,74,110,102,102,97,94,113,120,139,261,281,321,312,263,281,419,437,509,516,500,497,591,585,650,650,646,638,689,688,690,674,655,655,1258,958,865,857,5118,4722,2184,2631]} 1. e4 e5 2. Nf3 Nc6 3. Bb5 a6 4. Ba4 Nf6 5. O-O Be7 6. Re1 b5 7. Bb3 d6 8. a4 Bg4 9. c3 O-O 10. h3 Bxf3 11. Qxf3 Na5 12. Bc2 c5 13. d3 b4 14. Nd2 {[%cal Bb1d2,Bd2f1,Bf1e3][%mdl 32] C90: Closed Ruy Lopez with 7...d6: Early deviations} Rb8 15. Nf1 Nd7 {[#] LiveBook: 3 Games} 16. Qg4 $146 {The position is equal.} ({Predecessor:} 16. Qg3 Kh8 17. Ne3 Bh4 18. Qg4 g6 19. g3 Bg5 {1-0 (51) Tabatabaei,M (2509)-Talla,V (2431) Krakow 2017}) 16... Nf6 17. Qg3 Kh8 18. Ne3 g6 19. Qf3 Nd7 20. g3 Bg5 21. h4 Bh6 22. Kg2 Qf6 23. Qe2 {aiming for Ng4.} Qe6 24. Nc4 Bxc1 25. Nxa5 Bh6 26. Bb3 Qe8 $1 27. h5 Nf6 28. hxg6 fxg6 29. Rh1 Kg7 30. Bd5 Qd7 31. Nc4 Bg5 32. a5 ({But not} 32. Ne3 Bxe3 33. fxe3 Qg4 $17) 32... bxc3 33. bxc3 Nxd5 34. exd5 Rb5 35. Rhb1 Bd8 (35... h5 $11) 36. Qe4 (36. Rxb5 $16 axb5 37. Nd2) 36... Rf6 (36... Bg5 $11) 37. Rxb5 $14 Qxb5 38. Ra2 $1 h5 39. Rb2 Qd7 40. d4 $36 {[%mdl 2048] White is on the roll.} exd4 41. cxd4 cxd4 42. Qxd4 Kh7 (42... Kg8 $16 {might work better.} 43. f3 Qc8) 43. Rb8 $18 Rf7 44. Ra8 $1 Bf6 {[#]} 45. Qe4 $1 Re7 {[#]} (45... Qb7 $142 46. Nxd6 {[%mdl 64] Double Attack} Qxa8 47. Nxf7 Qf8) 46. Qf4 $1 {[%cal Rf4f6][%mdl 64] Double Attack} Bg7 {White is clearly winning.} 47. Rxa6 Rf7 48. Qe4 ({Not} 48. Qxd6 $2 Qf5 $19) 48... Re7 49. Qd3 h4 50. Rxd6 {[%mdl 64] Double Attack} Qg4 51. Ne3 Qg5 52. Re6 Rf7 {If Black can now play ...h3+ this consolidates a bit.} 53. Qe4 hxg3 54. fxg3 Bh6 55. a6 Qh5 56. Ng4 {Threatens to win with a7!} Qg5 57. Qxg6+ Qxg6 58. Rxg6 {Accuracy: White = 71%, Black = 46%.} 1-0

[Event "17th Delhi GM Open 2019"]
[Site "Delhi"]
[Date "2019.01.10"]
[Round "3"]
[White "Vaibhav, Suri"]
[Black "Bharat Kumar Reddy Poluri"]
[Result "1/2-1/2"]
[WhiteElo "2590"]
[BlackElo "2197"]
[Annotator "TA"]
[PlyCount "115"]
[EventDate "2019.01.09"]
[EventType "swiss"]
[EventCountry "IND"]
[SourceTitle "playchess.com"]
[Source "ChessBase"]
[SourceQuality "1"]

{[%evp 22,115,43,38,78,65,69,62,64,90,66,57,76,72,67,67,68,67,50,67,76,59,65,63,92,33,83,50,39,36,66,62,57,71,55,0,111,108,108,106,160,179,192,164,213,202,185,106,118,82,144,119,141,141,226,185,290,213,229,194,203,193,179,202,175,179,182,168,202,179,335,0,0,0,121,0,0,0,0,0,0,0,0,0,0,0,0,0,0,0,0,0,0,0,0,0]} 1. c4 Nf6 2. g3 e5 3. Bg2 Nc6 4. Nc3 Bb4 5. Nd5 Bc5 6. e3 O-O 7. Ne2 Nxd5 8. cxd5 Ne7 9. O-O d6 10. d4 exd4 11. Nxd4 Bd7 {A29: English Opening: Four Knights Variation with 4 g3} (11... Nf5 12. Ne2 Qf6 13. Rb1 a5 14. b3 Bd7 15. Bb2 Qh6 16. e4 Ne7 17. Bd4 b6 18. Qc1 Qh5 19. Nf4 {0-1 (39) Ivanchuk,V (2738)-Nepomniachtchi,I (2732) Leuven 2017}) 12. b3 {LiveBook: 4 Games} c6 13. dxc6 bxc6 {White is slightly better.} 14. Bb2 Rc8 15. Rc1 Bb6 16. Ba3 $146 ({Predecessor:} 16. Qd3 c5 17. Ne2 d5 18. Rfd1 Bg4 19. h3 Bxe2 20. Qxe2 {½-½ (44) Frisk,H (2013)-Christensen,L (2168) Helsingor 2015}) 16... c5 17. Ne2 Bc6 18. Nc3 Qd7 19. Qd3 Bxg2 20. Kxg2 Qb7+ 21. Qe4 d5 22. Qf3 Rfd8 23. Rfd1 (23. Na4 $16) 23... Ba5 24. Ne2 Bb6 25. Bb2 Qc6 26. h4 h6 27. Nf4 d4 28. e4 (28. Qxc6 $14 Nxc6 29. exd4) 28... f5 (28... Qe8 $11) 29. Rxd4 $16 Rxd4 30. Bxd4 {[%mdl 64] Pin} fxe4 ({Black should try} 30... Qxe4 31. Be3 c4) 31. Qg4 {[%csl Gd4][%cal Rg4g7]} g6 32. Be3 Qf6 33. Rc4 Qf5 {[#]} 34. Kh3 (34. Qe2 $1 $18) 34... Kf7 35. Ne2 Nd5 (35... h5 $142 36. Qxf5+ Nxf5) 36. Qxf5+ ({Don't do} 36. Rxe4 Qxg4+ 37. Rxg4 Re8 $14) 36... gxf5 37. Bxh6 Ba5 (37... Nf6 $16 38. Nc3 Re8) 38. Bc1 Nb4 (38... Nb6 {was called for.}) 39. Bd2 Rd8 40. Be3 ({Worse is} 40. Rxc5 Rxd2 41. Rxf5+ (41. Rxa5 Rxe2 42. Rxf5+ Kg7 $15) 41... Ke6 $15) 40... Nd3 41. Bxc5 Bb6 42. Bxb6 axb6 $18 {[%mdl 4096] Endgame [#] KRN-KRN} 43. h5 $1 Nxf2+ 44. Kh4 Rd2 45. Nf4 {h6 is the strong threat.} e3 $2 (45... Nd3) 46. Rc3 $2 (46. Rc7+ $18 Kf6 47. h6) 46... Ne4 $1 $11 47. Rxe3 {Threatens to win with g4.} Rh2+ 48. Nh3 {aiming for Rf3.} Nf2 $1 {[%cal Rf2h3] The position is equal.} 49. g4 fxg4 50. Kg3 $1 {[%csl LRf2,LRh2][%mdl 64] Double Attack} Rxh3+ {[%mdl 64] Double Attack} 51. Kxf2 Rxh5 {KR-KR} 52. a4 {[%cal Ba2a4,Ba4a5][%mdl 32]} Rh2+ 53. Kg1 Rb2 54. Rg3 Ke6 55. Rxg4 {Black must now prevent Rg6+.} Rxb3 56. Kf2 Kd5 57. a5 b5 58. Ke2 {Accuracy: White = 68%, Black = 42%.} 1/2-1/2

[Event "17th Delhi GM Open 2019"]
[Site "Delhi"]
[Date "2019.01.10"]
[Round "3"]
[White "Popov, Ivan"]
[Black "Saurabh Anand"]
[Result "1-0"]
[WhiteElo "2588"]
[BlackElo "2210"]
[Annotator "TA"]
[PlyCount "35"]
[EventDate "2019.01.09"]
[EventType "swiss"]
[EventCountry "IND"]
[SourceTitle "playchess.com"]
[Source "ChessBase"]
[SourceQuality "1"]

{[%evp 25,35,25,23,10,22,21,53,12,34,39,49,41]} 1. e4 e5 2. Nf3 Nc6 3. Bb5 a6 4. Ba4 Nf6 5. O-O Be7 6. d3 b5 7. Bb3 d6 8. a4 Bd7 9. c3 O-O 10. Re1 Na5 11. Bc2 c5 12. Nbd2 {[%cal Bb1d2,Bd2f1,Bf1e3][%mdl 32]} Qc7 13. Nf1 {C90: Closed Ruy Lopez with 7...d6: Early deviations} h6 {LiveBook: 7 Games} (13... Rfc8 14. Bg5 Be6 15. Ne3 b4 16. cxb4 cxb4 17. d4 Ng4 18. Rc1 Bxg5 19. Nxg5 Nxe3 20. fxe3 Ba2 {1-0 (37) Yu,Y (2750)-Motylev,A (2658) Fufeng 2017}) 14. h3 Nc6 15. Ne3 Be6 16. Bb3 $146 ({Predecessor:} 16. d4 cxd4 17. cxd4 Nxd4 18. Nxd4 exd4 19. Qxd4 Rfd8 20. axb5 axb5 {1-0 (58) Bojkovic,N (2403)-Djuric,S (2459) Banja Koviljaca 2013}) 16... Na5 17. Bxe6 fxe6 18. b4 1-0

[Event "17th Delhi GM Open 2019"]
[Site "Delhi"]
[Date "2019.01.10"]
[Round "3"]
[White "Popov, Ivan"]
[Black "Saurabh Anand"]
[Result "*"]
[WhiteElo "2588"]
[BlackElo "2210"]
[Annotator "TA"]
[PlyCount "39"]
[EventDate "2019.01.09"]
[EventType "swiss"]
[EventCountry "IND"]
[SourceTitle "playchess.com"]
[Source "ChessBase"]
[SourceQuality "1"]

{[%evp 24,39,26,22,22,23,26,3,24,33,32,25,27,27,26,27,43,13]} 1. e4 e5 2. Nf3 Nc6 3. Bb5 a6 4. Ba4 Be7 5. O-O b5 6. d3 d6 7. Bb3 Bd7 8. a4 Nf6 9. c3 O-O 10. Re1 Na5 11. Bc2 c5 12. Nbd2 {[%cal Bb1d2,Bd2f1,Bf1e3][%mdl 32]} Qc7 13. Nf1 {LiveBook: 23 Games. C90: Closed Ruy Lopez with 7...d6: Early deviations} Nc6 (13... Rfc8 14. Bg5 Be6 15. Ne3 b4 16. cxb4 cxb4 17. d4 Ng4 18. Rc1 Bxg5 19. Nxg5 Nxe3 20. fxe3 Ba2 {1-0 (37) Yu,Y (2750)-Motylev,A (2658) Fufeng 2017}) 14. Ne3 Be6 15. Bb3 $146 {White has an edge.} ({Predecessor:} 15. Ng5 Bd7 16. Nd5 Qb7 17. Nxe7+ Nxe7 18. f4 Bg4 19. Nf3 Rfc8 20. h3 Bxf3 21. Qxf3 {1-0 (47) Privoznik,L (2430)-Skalicky,F (2219) ICCF email 2015}) 15... Na5 16. Bxe6 fxe6 17. b4 cxb4 18. cxb4 Nc6 19. Qb3 Qd7 20. Bd2 *

[Event "17th Delhi GM Open 2019"]
[Site "Delhi"]
[Date "2019.01.10"]
[Round "3"]
[White "Aleksandrov, Aleksej"]
[Black "Rathnakaran, K.."]
[Result "1-0"]
[WhiteElo "2582"]
[BlackElo "2373"]
[Annotator "TA"]
[PlyCount "51"]
[EventDate "2019.01.09"]
[EventType "swiss"]
[EventCountry "IND"]
[SourceTitle "playchess.com"]
[Source "ChessBase"]
[SourceQuality "1"]

{[%evp 23,51,0,0,0,0,0,14,31,150,167,176,176,179,178,217,207,426,409,494,481,472,492,480,471,426,382,530,513,562,483]} 1. d4 Nf6 2. c4 c5 3. d5 e6 4. Nc3 exd5 5. cxd5 d6 6. Nf3 g6 7. Bf4 a6 8. a4 Bg7 9. h3 O-O 10. e3 Re8 {A61: Modern Benoni: Nf3 without early e4} (10... Qe7 11. Bd3 Nbd7 12. O-O Ne8 13. e4 Rb8 14. Re1 Nc7 15. Qd2 Ne5 16. Nxe5 Bxe5 17. Bxe5 Qxe5 18. a5 {1-0 (42) Akobian,V (2647)-Ponkratov,P (2613) Riadh 2017}) 11. Be2 Ne4 12. Nxe4 Rxe4 {LiveBook: 22 Games. The position is equal.} 13. O-O Bxb2 $146 ({Predecessor:} 13... Re8 14. Nd2 Qc7 15. Nc4 Bf8 16. a5 Nd7 17. Qa4 Nf6 18. Nb6 {1-0 (53) Abhishek,K (2375)-Evdokimov,A (2490) Moscow 2016}) 14. Rb1 Bg7 15. Nd2 {[%cal Bf3d2,Bd2c4,Bc4d6][%mdl 32]} Re8 (15... Rb4 $14) 16. Nc4 $16 {[%mdl 1024] White has strong compensation.} Bf8 {[#]} 17. a5 $1 {[%cal Ba4a5,Ba5b6][%mdl 32]} Ra7 18. Qd2 g5 19. Bg3 f5 $2 (19... Bf5 {was necessary.}) 20. Rb6 $18 Nd7 21. Nxd6 Nxb6 22. axb6 Ra8 23. Nxe8 Qxe8 24. Bc7 Bd7 25. d6 Bc6 26. Bc4+ {Accuracy: White = 90%, Black = 11%.} 1-0

[Event "17th Delhi GM Open 2019"]
[Site "Delhi"]
[Date "2019.01.10"]
[Round "3"]
[White "Narayanan.S.L"]
[Black "Gusain, Himal"]
[Result "1/2-1/2"]
[WhiteElo "2575"]
[BlackElo "2371"]
[Annotator "TA"]
[PlyCount "121"]
[EventDate "2019.01.09"]
[EventType "swiss"]
[EventCountry "IND"]
[SourceTitle "playchess.com"]
[Source "ChessBase"]
[SourceQuality "1"]

{[%evp 24,121,8,6,172,104,89,74,73,101,123,64,51,50,50,50,143,50,60,61,57,50,55,58,60,70,49,47,54,42,39,37,35,23,24,22,20,22,22,22,37,6,32,24,75,57,73,58,98,38,22,12,97,77,130,131,142,109,116,97,87,75,86,77,122,139,146,145,148,152,153,153,146,116,124,125,123,122,117,107,110,68,125,127,127,107,122,32,81,0,0,0,0,0,0,0,0,0,0,0]} 1. e4 Nf6 2. e5 Nd5 3. d4 d6 4. Nf3 g6 5. Bc4 Nb6 6. Bb3 Bg7 7. Ng5 e6 8. Qf3 Qe7 9. Ne4 dxe5 {B04: Alekhine's Defence: 4 Nf3} 10. Bg5 (10. dxe5 N8d7 11. Bg5 Qb4+ 12. Nbc3 Bxe5 13. O-O-O f5 14. Bxe6 h6 15. a3 Qf8 16. Be3 fxe4 17. Qxe4 {1-0 (43) Lupulescu,C (2631)-Sviridov,V (2504) Minsk 2017}) 10... Qb4+ 11. c3 Qa5 12. Bf6 Bxf6 13. Qxf6 {LiveBook: 47 Games} Rf8 $2 (13... O-O $11 {and Black has nothing to worry.}) 14. Qh4 $146 (14. Qg7 $18 {Threatens to win with Nf6+.} N8d7 15. Ng5 (15. Qxh7 exd4 16. Qg7 d3 $11)) ({Predecessor:} 14. Qxe5 Qxe5 15. dxe5 Ke7 16. Nbd2 a5 17. a4 {½-½ (68) Drozdov,I (2350)-Anokhin,V (2350) Moscow 1991}) 14... N8d7 $16 15. O-O (15. Qxh7 $6 exd4 16. O-O Qe5 $11) 15... exd4 16. cxd4 Qh5 17. Qg3 (17. Qf4 $1 $16) 17... f5 $14 18. Ned2 f4 19. Qc3 c6 (19... Nd5 $14 20. Bxd5 Qxd5) 20. Nf3 (20. Bxe6 $16 {Re1 is the strong threat.} Nf6 21. Bb3 (21. Bxc8 Rxc8 22. Qa3 Kd7 $14)) 20... Nd5 21. Bxd5 Qxd5 22. Qa3 Nb6 23. Nc3 {[%cal Bb1c3,Bc3e4,Be4g5][%mdl 1056] White has compensation.} Qd8 24. Rfe1 Kf7 25. h4 Kg8 26. Ne4 Nd5 27. Neg5 Qe7 28. Qd3 Bd7 29. Re2 Rae8 30. Rae1 Bc8 31. a3 Qf6 32. b4 a6 33. Re5 Re7 (33... Qe7 $11) 34. Ne4 $36 {[%mdl 2048] Black is under pressure.} Qg7 35. h5 Qh6 36. hxg6 (36. Nd6 $16) 36... hxg6 $14 37. Nd6 {Hoping for Rg5.} Rh7 (37... Bd7 $1 $11 {keeps the balance.}) 38. Kf1 $16 {[%cal Bg1f1,Bf1e2,Be2d2][%mdl 32]} Bd7 ({Black should try} 38... Rg7) 39. Ke2 $1 Rf6 40. Kd2 ({Reject} 40. Nxb7 $6 c5 $11) 40... Qf8 41. Ne4 Rf5 42. Neg5 Re7 43. Rh1 a5 {[#]} 44. Nh4 $1 {[%cal Rh4g6]} Qf6 45. Nxf5 gxf5 46. Nf3 axb4 47. axb4 Rg7 48. Ree1 Qe7 ({But not} 48... Nxb4 $2 49. Qa3 $18) (48... Rxg2 $2 49. Rhg1 $18) 49. Qa3 Rxg2 50. Reg1 Rxg1 51. Rxg1+ Kf8 52. Rb1 Nf6 (52... Be8 $14) 53. Rh1 Be8 54. Qa5 b5 55. Qa3 (55. Ke1 $16) 55... Qd6 {[#]} 56. Kc2 ({Better is} 56. Ke1 $1 $16) 56... Qd5 $1 $11 {The position is equal.} 57. Qb3 Qe4+ 58. Qd3 Qd5 {aiming for ...Qa2+.} 59. Qb3 Qe4+ 60. Qd3 $1 Qd5 {White must now prevent ...Qa2+.} 61. Qb3 {Precision: White = 54%, Black = 52%.} 1/2-1/2

[Event "17th Delhi GM Open 2019"]
[Site "Delhi"]
[Date "2019.01.10"]
[Round "3"]
[White "Erigaisi Arjun"]
[Black "Koustav Chatterjee"]
[Result "1-0"]
[WhiteElo "2548"]
[BlackElo "2346"]
[Annotator "TA"]
[PlyCount "74"]
[EventDate "2019.01.09"]
[EventType "swiss"]
[EventCountry "IND"]
[SourceTitle "playchess.com"]
[Source "ChessBase"]
[SourceQuality "1"]

{[%evp 26,74,25,23,64,62,62,69,110,49,41,11,13,12,36,13,73,72,72,59,48,35,84,69,85,55,67,86,85,45,88,58,257,152,308,277,277,240,254,0,304,261,296,315,283,304,293,291,1119,1023,4802]} 1. e4 c5 2. Nf3 Nc6 3. d4 cxd4 4. Nxd4 Nf6 5. Nc3 e5 6. Ndb5 d6 7. Bg5 a6 8. Na3 b5 9. Nd5 Be7 {[%cal Bf8e7,Be7f6,Bf6g5,Bg5h6][%mdl 32]} 10. Bxf6 Bxf6 11. c3 Bg5 12. Nc2 O-O 13. h4 Bh6 14. g4 {[#] LiveBook: 48 Games. Hoping for g5.} g6 {B33: Sicilian: Pelikan and Sveshnikov Variations} (14... f6 15. Rh3 Ne7 16. Ncb4 Be6 17. Rd3 Nxd5 18. Nxd5 Kh8 19. Bh3 Bg8 20. a4 bxa4 21. Qxa4 a5 22. Rad1 {½-½ (30) Sutovsky,E (2689)-Lenic,L (2650) Austria 2017}) 15. g5 Bg7 16. Qd2 f5 {White is slightly better.} 17. gxf6 (17. h5 $16) 17... Bxf6 $14 18. Nxf6+ Qxf6 19. Ne3 Be6 20. h5 $146 ({Predecessor:} 20. Bh3 Bf7 21. h5 Rad8 22. O-O-O Bxa2 23. hxg6 {0-1 (46) Taksrud,V (2074)-Christensen,B (2289) Helsingor 2011}) 20... Rad8 (20... g5 $11 {remains equal.}) 21. hxg6 $16 hxg6 22. Bh3 {[#] Nd5 is the strong threat.} Ne7 23. a4 Bxh3 24. Rxh3 Qe6 25. Rg3 Rf4 26. axb5 axb5 27. f3 Kg7 28. Qg2 Rdf8 $2 (28... Rh8 $14) 29. Ra7 (29. Rh3 $18) 29... R8f7 $2 (29... R4f7 $16 {might work better.} 30. Rh3 Rh8 31. Rxh8 Kxh8 32. Ra8+ Kg7) 30. Rh3 Ng8 31. Ra8 Rf8 32. Ra7+ R8f7 $1 {[%cal Rf7a7]} 33. Ra5 Qxh3 34. Qxh3 Rxf3 35. Nf5+ R7xf5 36. Ra7+ Kf8 $2 (36... Rf7 37. Rxf7+ Rxf7) 37. Qh7 {[%cal Ra7a8]} Rf1+ {Precision: White = 59%, Black = 33%.} 1-0

[Event "17th Delhi GM Open 2019"]
[Site "Delhi"]
[Date "2019.01.10"]
[Round "3"]
[White "Deepan Chakkravarthy J."]
[Black "Sharma, Dinesh K."]
[Result "1-0"]
[WhiteElo "2543"]
[BlackElo "2303"]
[Annotator "TA"]
[PlyCount "93"]
[EventDate "2019.01.09"]
[EventType "swiss"]
[EventCountry "IND"]
[SourceTitle "playchess.com"]
[Source "ChessBase"]
[SourceQuality "1"]

{[%evp 14,93,-3,-14,1,-15,-7,-15,-8,-25,-20,-25,20,14,13,12,10,0,0,0,8,4,6,0,0,0,6,0,6,-29,7,-19,2,-20,0,-18,0,-13,0,0,0,0,0,0,0,0,50,0,0,0,0,0,0,0,0,0,0,0,0,-47,0,0,0,0,0,0,0,0,0,-17,69,75,211,218,215,8,78,54,195,181,29987,29988]} 1. d4 d5 2. Bf4 Nf6 3. e3 e6 4. Nd2 Bd6 5. Bg3 (5. Ngf3 Bxf4 6. exf4 Nbd7 7. Bd3 c5 8. c3 Qb6 9. Rb1 Qd6 10. g3 b6 11. O-O Bb7 12. Re1 O-O 13. b4 cxb4 14. cxb4 {1-0 (75) Nakamura,H (2769)-Aronian,L (2764) Leuven 2018}) 5... c5 6. c3 {D00: 1 d4 d5: Unusual lines} Qc7 7. Bd3 Nbd7 8. Ngf3 {LiveBook: 14 Games. The position is equal.} b6 9. O-O $146 ({Predecessor:} 9. Qe2 Bb7 10. e4 Bxg3 11. hxg3 cxd4 12. Nxd4 dxe4 13. Nxe4 Nxe4 14. Bxe4 Bxe4 15. Qxe4 {½-½ (84) Fadii,T (1964)-Nadir,S (2170) Batumi 2018}) 9... Bxg3 10. hxg3 Bb7 11. a4 O-O 12. a5 e5 13. dxe5 Nxe5 14. Nxe5 Qxe5 15. Nf3 Qc7 16. b4 Rfe8 17. Qb1 Bc6 18. Ra2 h6 19. Rd1 Rab8 20. Qa1 Bd7 21. Bf1 Bg4 22. Rc1 Be6 23. Nd2 Red8 24. Ra3 Bf5 25. Nb3 h5 26. axb6 axb6 27. Ra7 Qd6 28. Ra6 {Hoping for bxc5.} Qc7 29. Nd2 {[%cal Bb3d2,Bd2f3,Bf3g5][%mdl 32] [#]} h4 $1 {[%mdl 512]} 30. gxh4 Ng4 {[%csl Gg4][%cal Rc7h2]} 31. Nf3 Be4 {...Bxf3 is the strong threat.} 32. Ra7 Qd6 {aiming for ...Bxf3.} 33. bxc5 bxc5 {White must now prevent ...Bxf3.} 34. Ra6 $1 {[%cal Ra6d6]} Qe7 35. Ng5 Qe5 {[%csl Gg4][%cal Re5h2]} 36. f4 Qe7 (36... Qf5 $5 {[%cal Rg4e3]} 37. Ra7 f6 38. Nxe4 Qxe4 $15) 37. Re1 {[#]} Rb1 $1 {[%mdl 512]} 38. Rxb1 Bxb1 39. e4 Bxe4 40. Ra7 Qe8 41. Be2 Bf5 (41... Rb8 $11 42. Bxg4 Rb1+ 43. Qxb1 Bxb1) 42. Bxg4 $1 $14 Qe3+ (42... Bxg4 $16 43. Qb1 (43. Rxf7 Qe3+ 44. Kh2 Qf2 $14) 43... f5) 43. Kh1 $18 Bxg4 44. Rxf7 $2 $40 {[%mdl 128] White mounts an attack.} ({Only move:} 44. Qb1 $18 {White wants to mate with Qh7+.} g6 45. Nxf7) 44... Re8 (44... Rf8 $1 $11 45. Rxf8+ Kxf8) 45. Kh2 Be6 {[#]} ({Black should play} 45... Qf2 $14 46. Rxg7+ Kf8) 46. Qa7 $1 {[%mdl 512]} Qxc3 $2 (46... Kh8 $18) 47. Re7 {Accuracy: White = 48%, Black = 26%.} 1-0

[Event "17th Delhi GM Open 2019"]
[Site "Delhi"]
[Date "2019.01.10"]
[Round "3"]
[White "Ghaem Maghami, Ehsan"]
[Black "Sangma, Rahul"]
[Result "1-0"]
[WhiteElo "2533"]
[BlackElo "2298"]
[Annotator "TA"]
[PlyCount "117"]
[EventDate "2019.01.09"]
[EventType "swiss"]
[EventCountry "IND"]
[SourceTitle "playchess.com"]
[Source "ChessBase"]
[SourceQuality "1"]

{[%evp 18,117,52,47,45,54,72,74,84,55,38,44,47,33,35,33,33,38,33,39,38,37,46,0,0,0,0,1,14,-2537,31,37,49,-34,972,-129,45,54,43,53,54,52,120,118,167,167,211,211,182,172,161,161,183,161,168,105,126,74,87,87,97,0,103,0,111,126,225,188,261,250,420,416,412,405,405,395,363,80,29962,29962,29964,29965,29963,29965,29967,29968,29967,29969,29970,29971,29970,29969,29972,29974,29973,29974,29975,29976,29976,29977,29977,29978]} 1. Nf3 Nf6 2. d4 e6 3. c4 Bb4+ 4. Bd2 a5 5. g3 O-O 6. Bg2 d6 7. O-O Bxd2 8. Qxd2 Nc6 9. Nc3 e5 {E11: Bogo-Indian} 10. dxe5 {LiveBook: 5 Games} dxe5 (10... Nxe5 11. b3 Re8 12. Rad1 Qe7 13. Nd4 c6 14. h3 Rd8 15. Nc2 Be6 16. f4 Nxc4 17. bxc4 Bxc4 {1-0 (56) Dreev,A (2649)-Gurvich,V (2280) Moscow 2018}) 11. Rfd1 $146 ({Predecessor:} 11. Rad1 Qxd2 12. Rxd2 Be6 13. b3 Rfd8 14. Rfd1 Rxd2 15. Rxd2 h6 16. Ne1 Rd8 17. Rxd8+ Nxd8 {½-½ (28) Di Benedetto,G (2267)-Valiente,C (2232) Benavidez 2013}) 11... Be6 {White is slightly better.} 12. Qe3 Qc8 13. Nd5 Bxd5 14. cxd5 Nb4 $1 15. Qxe5 Re8 16. Qg5 h6 17. Qd2 Nbxd5 18. Nd4 c6 19. Rac1 Qc7 20. Bxd5 Nxd5 21. Nxc6 {[%mdl 64] Remove Defender} bxc6 {[#]} 22. Qxd5 $1 {[%mdl 512]} cxd5 23. Rc4 $2 {[%mdl 8192]} (23. Rxc7 $11 Rxe2 24. Rb7 (24. Rxd5 Rxb2 25. Rf5 f6 $11)) 23... Qc6 $2 (23... dxc4 $19 24. e3 Rab8) 24. Rxc6 $14 Rxe2 {[%mdl 4096] Endgame KRR-KRR} 25. Rc7 (25. Rb6 $14) 25... Rc8 $2 {[%mdl 8192]} (25... Ra6 $15) 26. Rb7 $2 {[#]} ({White has to play} 26. Rxc8+ $18 Kh7 27. Rxd5) 26... Rd8 $2 (26... Rcc2 $1 $17 27. Rxd5 Rxf2 28. Rxa5 Rg2+ 29. Kf1 Rxh2) 27. Kf1 Rc2 28. Rd4 Rc5 29. a4 Rdc8 (29... g5 $14) 30. Rd7 $16 Rb8 31. R4xd5 Rxd5 32. Rxd5 Rxb2 $18 {KR-KR} 33. h4 g6 34. Rxa5 Ra2 35. Kg2 h5 36. Kf3 (36. Ra6 $18) 36... Kg7 $16 37. Ra6 (37. Ra8 $142) 37... Ra3+ 38. Ke4 Ra2 39. Kf3 Ra3+ 40. Ke4 Ra2 41. Ke3 Ra3+ (41... f6 $16 42. a5 Ra3+ 43. Kd4 Kf7) 42. Kd4 $18 Ra2 (42... f6 $142 43. Ra7+ Kh6) 43. a5 Rxf2 $2 {[#]} (43... f6 44. Ra7+ Kf8) 44. Rc6 $1 Rg2 45. a6 Rxg3 46. Rc3 Rg4+ 47. Kc5 {And now Ra3 would win.} Rxh4 $2 {[%mdl 8192]} (47... Ra4 $16) 48. Ra3 {White mates.} Re4 49. a7 Re8 50. a8=Q Rxa8 51. Rxa8 {KR-K3P} Kf6 52. Kd4 Kg5 53. Ke3 Kg4 54. Kf2 f5 55. Ra4+ f4 56. Kg2 g5 57. Ra5 h4 58. Ra3 Kf5 59. Kh3 {Accuracy: White = 70%, Black = 43%.} 1-0

[Event "17th Delhi GM Open 2019"]
[Site "Delhi"]
[Date "2019.01.10"]
[Round "3"]
[White "Gukesh D"]
[Black "Mehdi Hasan Parag"]
[Result "1-0"]
[WhiteElo "2497"]
[BlackElo "2260"]
[Annotator "TA"]
[PlyCount "61"]
[EventDate "2019.01.09"]
[EventType "swiss"]
[EventCountry "IND"]
[SourceTitle "playchess.com"]
[Source "ChessBase"]
[SourceQuality "1"]

{[%evp 16,61,2,0,4,0,0,0,28,23,23,23,23,23,22,26,22,4,6,0,14,0,11,3,24,22,14,13,28,20,35,0,0,0,73,62,106,99,100,101,97,77,122,131,1122,1107,5477,2485]} 1. Nf3 Nf6 2. g3 d5 3. Bg2 e6 4. O-O Be7 5. d4 O-O 6. b3 c5 7. Bb2 Nc6 8. dxc5 {D02: 1 d4 d5 2 Nf3 sidelines, including 2...Nf6 3 g3 and 2...Nf6 3 Bf4} Bxc5 9. c4 {LiveBook: 5 Games} d4 (9... dxc4 10. Qc1 Bd7 11. Qxc4 Be7 12. e4 Rc8 13. Qe2 Qa5 14. Rd1 Rfd8 15. Nbd2 b5 {1-0 (62) Nakamura,H (2777)-Dominguez Perez,L (2739) Saint Louis 2018}) 10. b4 $146 {The position is equal.} ({Predecessor:} 10. Nbd2 e5 11. Ne1 Bf5 12. Nd3 Bd6 13. c5 Bc7 14. Nc4 e4 15. Ne1 Re8 {1-0 (46) Chirila,I (2557)-Foisor,S (2326) chess.com INT 2018}) 10... Bxb4 11. Nxd4 Nxd4 12. Bxd4 Qc7 13. Qb3 Bc5 14. Bxf6 gxf6 15. Nc3 Rb8 16. Rfd1 b6 17. Qa4 a5 18. Rd3 Qe5 19. Rad1 Bb7 20. Bxb7 Rxb7 21. e3 Rc7 22. Qb3 Kg7 23. Ne2 Rfc8 24. Nf4 f5 (24... Be7 $11 {remains equal.}) 25. Rd7 $16 Bb4 26. c5 Rc6 27. cxb6 Rxb6 28. Qa4 $36 {[%mdl 2048] Keeping Black busy.} Rbc6 29. a3 Bc3 $2 {[%mdl 8192] [#]} (29... Bf8 $16) 30. Nh5+ $1 $18 Kf8 {[#]} 31. Qxc6 $1 {[%mdl 512] Accuracy: White = 73%, Black = 38%.} 1-0